| 000 | 00804nam a2200217Ia 4500 | ||
|---|---|---|---|
| 001 | 1487 | ||
| 003 | GE_BSU | ||
| 008 | 181216s||||||||xx |||||||||||||| ||und|| | ||
| 020 | _a978576953495 | ||
| 040 | _cGE_BSU | ||
| 100 | _aРупперт,Э.Эдвард Ричард,С.Фокс. Роберт, Д. Барнс | ||
| 245 | _aЗоология беспозвоночных. Функциональные и эволюционные аспекты. Низшие целомические животные | ||
| 245 | _bПер. с англ. Уч-к для студ. вуза т.2 | ||
| 260 | _aМосква | ||
| 260 | _bАкадемия | ||
| 260 | _c2008 | ||
| 300 | _a437стр. 23см. | ||
| 653 | _aЗоология | ||
| 653 | _aЗоология беспозвоночных | ||
| 942 | _cBK | ||
| 999 |
_c35621 _d35621 |
||